Magic teens 3§ medio: texto para el estudiante
Sparad:
| Huvudupphovsmän: | , , , , |
|---|---|
| Materialtyp: | Bok |
| Språk: | engelska |
| Publicerad: |
Santiago
Santillana del pacífico
2002
|
| Upplaga: | 1a. ed |
| Ämnen: | |
| Taggar: |
Lägg till en tagg
Inga taggar, Lägg till första taggen!
|
MARC
| LEADER | 00000nam a2200000 a 4500 | ||
|---|---|---|---|
| 001 | UCJ0461 | ||
| 003 | CL-VaPUC | ||
| 008 | 060804e20020000CL |||||||||||||||||eng|d | ||
| 020 | |a 9561507501 | ||
| 082 | 0 | 4 | |a 372.6521 |b GUE |2 21 |
| 100 | |a Guerrini, Michele |e author |9 599291 | ||
| 700 | 0 | |a Justice, Julia |e author |9 500638 | |
| 700 | |a Hancock, Mark |e author |9 500639 | ||
| 700 | 0 | |a Scott, Katherine |e author |9 500640 | |
| 700 | 0 | |a Marriage, Kate |e author |9 500641 | |
| 245 | 1 | 0 | |a Magic teens 3§ medio: texto para el estudiante |
| 250 | |a 1a. ed | ||
| 300 | |a 128 p | ||
| 942 | |c BK | ||
| 945 | |d 20060804 00:00:00 |a jtorresc | ||
| 260 | |a Santiago |b Santillana del pacífico |c 2002 | ||
| 650 | 0 | |a Educación lingüística |9 306506 | |
| 650 | 0 | |a Enseñanza de idiomas |9 339820 | |
| 650 | 0 | |a Inglés |9 260023 | |
| 650 | 0 | |a Métodos de enseñanza |9 270413 | |
| 650 | 0 | |a Libros de texto |9 270019 | |
| 583 | |a last modification |c 20130306 08:56:01 |k Rodrigo Vera | ||
| 999 | |c 317295 |d 317293 | ||
| 952 | |0 0 |1 0 |4 0 |6 372_652100000000000_GUE_2002 |7 0 |8 A |9 393386 |a BIBEDU |b BIBEDU |d 2019-11-22 |i 4254910 |o 372.6521 GUE 2002 |p 4254910 |r 2019-11-22 |w 2019-11-22 |y BK |k LIT | ||
| 952 | |0 0 |1 0 |4 0 |6 372_652100000000000_GUE_2002 |7 0 |8 A |9 393387 |a BIBEDU |b BIBEDU |d 2019-11-22 |i 4254929 |o 372.6521 GUE 2002 |p 4254929 |r 2019-11-22 |w 2019-11-22 |y BK |k LIT | ||
| 952 | |0 0 |1 0 |4 0 |6 372_652100000000000_GUE_2002 |7 0 |8 A |9 393388 |a BIBEDU |b BIBEDU |d 2019-11-22 |i 4254937 |o 372.6521 GUE 2002 |p 4254937 |r 2019-11-22 |w 2019-11-22 |y BK |k LIT | ||
| 952 | |0 0 |1 0 |4 0 |6 372_652100000000000_GUE_2002 |7 0 |8 A |9 393389 |a BIBEDU |b BIBEDU |d 2019-11-22 |i 4254961 |o 372.6521 GUE 2002 |p 4254961 |r 2019-11-22 |w 2019-11-22 |y BK |k LIT | ||
| 952 | |0 0 |1 0 |4 0 |6 372_652100000000000_GUE_2002 |7 0 |8 A |9 393390 |a BIBEDU |b BIBEDU |d 2019-11-22 |i 425497K |o 372.6521 GUE 2002 |p 425497K |r 2019-11-22 |w 2019-11-22 |y BK |k LIT | ||
| 952 | |0 0 |1 0 |4 0 |6 372_652100000000000_GUE_2002 |7 0 |8 A |9 393391 |a FDOPOS |b FDOPOS |d 2019-11-22 |i 4267516 |o 372.6521 GUE 2002 |p 4267516 |r 2025-01-22 |w 2019-11-22 |y BK |k MLA | ||